Lower Saxony Top 20 Cities By Population - Statistics

General Stats
  • This quiz has been taken 154 times
  • The average score is 11 of 20
Answer Stats
Population City % Correct
535,061 Hanover
99%
167,081 Oldenburg
85%
164,374 Osnabruck
85%
123,914 Wolfsburg
82%
248,023 Braunschweig
81%
119,529 Gottingen
76%
101,744 Hildesheim
66%
50,607 Emden
62%
104,548 Salzgitter
61%
76,316 Wilhelmshaven
54%
69,706 Celle
53%
77,521 Delmenhorst
48%
51,128 Goslar
47%
52,357 Wolfenbuttel
35%
75,192 Luneburg
34%
53,278 Nordhorn
29%
54,117 Lingen
27%
60,875 Garbsen
25%
53,790 Langenhagen
25%
57,228 Hamelin
6%
No matching quizzes found
Score Distribution
Percent of People with Each Score
Percentile by Number Answered
Your Score History
You have not taken this quiz